000 00459nam a2200169Ia 4500
005 20250508155403.0
008 008 250505s9999 xx 000 0 hin d
037 _aTextual
040 _aFEDL
_beng
_cFEDL
041 _ahin
_2hin
084 _a551.2, VER
_qFEDL
245 0 _aJwalamukhi aur bhuchal ki kahani
260 _aDelhi, India
_bRajpal and Sons
_c1953
300 _a127p.
942 _cTEXL
_h551.2, VER
999 _c1356394
_d1356394